|
|
|
|
| LEADER |
00000nam a2200000 a 4500 |
| 001 |
UCR7960 |
| 003 |
CL-VaPUC |
| 008 |
980519e19640000SP |||||||||||||||||spa|d |
| 082 |
0 |
4 |
|a 330.126
|b ERH
|2 21
|
| 100 |
0 |
|
|a Erhard, Ludwig
|e author
|9 409537
|
| 245 |
1 |
3 |
|a La economía social de mercado: política económica de Alemania
|
| 300 |
|
|
|a 434 p
|
| 942 |
|
|
|c BK
|
| 945 |
|
|
|d 19980519 00:00:00
|a crobeson
|
| 260 |
|
|
|a Barcelona
|b Omega
|c 1964
|
| 650 |
|
0 |
|a Economía social de mercado
|9 258280
|
| 650 |
|
0 |
|a Política económica
|9 255029
|
| 651 |
|
0 |
|a Alemania
|9 255688
|
| 583 |
|
|
|a last modification
|c 19980519 00:00:00
|k Rodrigo Vera
|
| 999 |
|
|
|c 269535
|d 269533
|
| 952 |
|
|
|0 0
|1 0
|4 0
|6 330_126000000000000_ERH_1964
|7 0
|8 A
|9 303295
|a BIBGIM
|b BIBGIM
|d 2019-11-20
|i 1400320
|l 1
|o 330.126 ERH 1964
|p 1400320
|r 2025-01-15
|s 2023-08-24
|w 2019-11-20
|y BK
|k COM
|